=LDR 00000nam 2200000 4500 =001 INLIS000000000023758 =005 20130612122405 =008 ***********************************Ind** =035 ##$$0010-061300000023758 =041 ##$$a Ind =082 ##$$a 658 =090 ##$$a 658, Kot r =100 ##$$a Kotler, Philip =245 ##$$a Repositioning asia from bubble to sustainable economy, Philip Kotler =260 ##$$a 2002 $b Jakarta =300 ##$$a 251 hlm, ilus, 23 cm =650 ##$$a Manajemen =850 ##$$a NBPNMAT =990 ##$$a 0001/BPAP-NTB/2016